00718cam a2200193 a 450000100100000000500170001000800410002704000230006808200200009110000250011124501270013626000750026330000240033849000220036265000520038465000420043670000240047883000220050200000276920200929150244.0820205s1979 pr a b 000 0 spa  aDO-SdBNPcDLCdDLC aPR861.64bP977p1 aPuebla, Manuel de la10aPoesía militante puertorriqueña /cManuel de la Puebla; diseño de la portada e ilustraciones por Poli Marichal Lugo. aSan Juan, Puerto Rico :bInstituto de Cultura Puertorriqueña,c1979. av. :bil. ;c17 cm.1 aLiteratura de hoy 4aPoesía puertorriqueñaxHistoria y crítica 4aLiteratura puertorriqueñaySIGLO XX1 aMarichal Lugo, Poli 0aLiteratura de hoy